LEADER 01610nam a2200349 a 4500 001 000000114616 003 CaOOAMICUS 005 20130205115405.0 008 090216s2009 it 000 udita r 020 $z978-88-430-4811-3* 040 $aPUL$bita$dLDB 245 00$aChi ha paura del Vaticano II ? /$cPeter Hünermann ; a cura di Alberto Melloni e Giuseppe Ruggieri. 260 $aRoma :$bCarocci,$cİ2009. 300 $a150 p. ;$c22 cm. 490 1 $aSfere ;$v45 504 $aInclude bibliografia e indice. 611 24$aConcilium Vaticanum$n(2 :$d1962-1965).$0(OLS)http://pul/subject/71 700 1 $aMelloni, Alberto,$d1959-$0(OLS)http://pul/name/13983 700 1 $aRuggieri, Giuseppe.$0(OLS)http://pul/name/7192 700 1 $aHünermann, Peter.$0(OLS)http://pul/name/40354 830 0$aSfere (Carocci) ;$v45.$0(OLS)http://pul/title/144030 850 $aPUL 852 $aPUL$W1$xDP1 Fondo Dalla Palma$y117$m3 C 57$j44614$qFondi$B195085$CPULBib$Z2$F195085 $HDal2222 $81 852 $aPUL$W1$xSL Religione 3$y85$m262 MELAL 1$j131046$qDDC 21$B130050$CPULBib$Z2$F130050 $H109485 $82 852 $aPUL$W1$xFondo C.V.II$y119$mSTO GEN 8$j152541$qFondi$B151905$CPULBib$Z2$F151905 $HCVII 15 $82 941 1 $a9 941 1 $a1 960 $aConcilio Vaticano II (1962-1965)$971 996 $6020$z978-88-430-4811-3*$9(OLS)http://pul/number/139712 996 $6245$aChi ha paura del Vaticano II ?$9(OLS)http://pul/title/144029 996 $6260$aRoma :$bCarocci$9(OLS)http://pul/publisher/66917 LEADER 01720nam a2200325 u 4500 001 000000051520 003 CaOOAMICUS 005 20070226115339.0 008 000918s1991 it u000 u ita u 020 $a8834337352 035 $a10855860 040 $aPUL(R)$bita 111 2 $aConvegno di studio su Filippo Meda$d(1989 :$cMilano).$0(OLS)http://pul/name/37013 245 10$aFilippo Meda tra economia, società e politica :$brelazioni del convegno di studio (Milano, 14-15 dicembre 1989) /$cpromosso dall'Archivio per la storia del movimento sociale cattolico in Italia, con una bibliografia degli scritti di Filippo Meda ; a cura di Guido Formigoni ; contributi di: Mario Belardinelli ... [et al.]. 260 $aMilano :$bVita e pensiero,$c1991. 300 $a350 p. ;$c23 cm 490 1 $aLe Api 500 $aInclude indici. 504 $aBibliografia: p. [277]-342. 600 14$aMeda, Filippo,$c1869-1939.$0(OLS)http://pul/subject/21663 700 1 $aBelardinelli, Mario,$d1940-$0(OLS)http://pul/name/4268 700 1 $aFormigoni, Guido.$0(OLS)http://pul/name/145 710 2 $aArchivio per la storia del movimento sociale cattolico in Italia.$0(OLS)http://pul/name/37014 830 3$aLe Api.$0(OLS)http://pul/title/7487 850 $aPUL 852 $aPUL$W1$xDP1 Fondo Maccarrone$y58$m1523 G 26$j68217$nBK-PRI$b $qFondi$B68217$CPULBib$Z2$F68217 $H $81 941 1 $a1 996 $6020$a8834337352$9(OLS)http://pul/number/65191 996 $6245$aFilippo Meda tra economia, società e politica :$brelazioni del convegno di studio (Milano, 14-15 dicembre 1989)$9(OLS)http://pul/title/69231 996 $6260$aMilano :$bVita e pensiero$9(OLS)http://pul/publisher/48016